| 000 | 00441nam a2200121Ia 4500 | ||
|---|---|---|---|
| 008 | 160712s9999 xx 000 0 und d | ||
| 100 | _aMartinez, Leujim C. | ||
| 245 |
_cLeujim C. Martinez _aActive Listening as the Core Method in Teaching the Elements of Music |
||
| 260 |
_c2015 _bAlipato: A Journal of Basic Education |
||
| 300 | _avol. 6 | ||
| 650 | _xEDUCATION | ||
| 856 | _uhttp://journals.upd.edu.ph/index.php/ali/article/view/4542/4092 | ||
| 999 |
_c297003 _d297003 |
||